| 000 | 00630nam a2200229Ia 4500 | ||
|---|---|---|---|
| 003 | OSt | ||
| 005 | 20220925230429.0 | ||
| 006 | a|||||r|||| 00| 0 | ||
| 007 | ta | ||
| 008 | 220923b |||||||| |||| 00| 0 eng d | ||
| 037 | _cGeneral Book | ||
| 040 |
_aRTL _cRTL _beng |
||
| 041 |
_2eng _aeng |
||
| 082 | _aX:9914, M6 | ||
| 100 |
_aTherborn Goran _922939 |
||
| 245 | 0 | _aWhy some peoples are more unemployed than others | |
| 260 |
_aLondon _bVerso U. K. _c1986 |
||
| 300 |
_a181p. _ccm. |
||
| 650 |
_aUnemployment _9231991 |
||
| 942 |
_hX:9914, M6 _cGB _2CC |
||
| 999 |
_c585503 _d585503 |
||